10 Największych państw na świecie. - Statystyki

Ogólne statystyki
  • Ten quiz został rozwiązany 47 razy
  • Średni wynik to 9 z 10
Statystyki odpowiedzi
Powierzchnia Kraj % Poprawnych
9 597 000 km² Chiny
100%
9 985 000 km² Kanada
100%
17 100 000 km² Rosja
100%
9 867 000 km² Stany Zjednoczone
100%
8 516 000 km² Brazylia
98%
7 688 000 km² Australia
95%
3 287 000 km² Indie
91%
2 780 000 km² Argentyna
89%
2 725 000 km² Kazachstan
84%
2 382 000 km² Algieria
75%
Nie znaleziono quizów pasujących do podanych kryteriów
Rozkład punktacji
Procent ludzi z każdym wynikiem
Percentyl według liczby udzielonych odpowiedzi
Twoja historia wyników
Nie rozwiązałeś tego quizu